000 00772nam a2200217Ii 4500
003 JO-AjNU
008 230605s9999||||xx |||||||||||||| ||und||
017 _a2003/7/1423
040 _aJO-AjNU
_bara
_erda
_cJO-AjNU
041 _aara
050 1 4 _aBP131.6 2006
100 3 _aتاليف عمر، محمد عطا؛ مراجعة وتقديم محمود صالح بغدادي,
_eauthor
_938018
245 0 0 _aالمفيد في تيسير أحكام التجويد
250 _aط1
264 3 1 _aعمان: دار الاعلام، 2006
300 _a95ص
336 _atext
_btxt
_2rdacontent
337 _aunmediated
_bn
_2rdamedia
338 _avolume
_bnc
_2rdacarrier
650 4 _aالقران - قراءات القران السبع - المصحف المرتل
_938019
999 _aA15938
_c19506
_d19506